[Event "Gausdal Classic op"]
[Site "Gausdal NOR"]
[Date "2007.04.20"]
[Round "3"]
[White "Cox, John"]
[Black "Porper, Edward"]
[Result "1/2-1/2"]
[WhiteElo "2411"]
[BlackElo "2492"]
[PlyCount "109"]
[EventDate "2007.04.18"]
[EventType "swiss"]
[EventRounds "9"]
[EventCountry "NOR"]

1. d4 d5 2. c4 c6 3. Nf3 Nf6 4. Nc3 e6 5. Bg5 h6 6. Bxf6 Qxf6 7. Qb3 Nd7 8. Rd1
Qd8 9. e4 dxe4 10. Nxe4 Qa5+ 11. Nc3 e5 12. Be2 exd4 13. Nxd4 Bb4 14. O-O Bxc3
15. Qxc3 Qxc3 16. bxc3 O-O 17. Nb3 Nf6 18. Bf3 a5 19. Nc5 Re8 20. Rb1 Ra7 21.
Rfd1 g5 22. h3 Kg7 23. g4 Re5 24. Nd3 Re7 25. Nc5 Nd7 26. Nxd7 Bxd7 27. a3 Be6
28. Be2 Ra8 29. Rb2 Rc8 30. Kg2 Rce8 31. Kg3 Bc8 32. Bf1 Re5 33. Rbd2 Be6 34.
Rd8 Rxd8 35. Rxd8 Re1 36. Kg2 Ra1 37. Rb8 Rxa3 38. Rxb7 Rxc3 39. Ra7 Bxc4 40.
Bxc4 Rxc4 41. Rxa5 Rc3 42. f3 Rc2+ 43. Kg3 c5 44. h4 gxh4+ 45. Kxh4 c4 46. g5
hxg5+ 47. Kxg5 Rd2 48. f4 c3 49. Rc5 c2 50. Rc7 Rg2+ 51. Kf5 Kf8 52. Ke4 Kg7
53. Kf5 Re2 54. Rc8 Rd2 55. Rc7 1/2-1/2

[Event "Gausdal Classic op"]
[Site "Gausdal NOR"]
[Date "2007.04.21"]
[Round "4"]
[White "Porper, Edward"]
[Black "Mikkelsen, Nikolaj"]
[Result "1-0"]
[WhiteElo "2492"]
[BlackElo "2294"]
[PlyCount "53"]
[EventDate "2007.04.18"]
[EventType "swiss"]
[EventRounds "9"]
[EventCountry "NOR"]

1. d4 Nf6 2. c4 g6 3. Nc3 d5 4. Nf3 Bg7 5. e3 O-O 6. b4 dxc4 7. Bxc4 Nfd7 8.
O-O e5 9. Bb3 Nc6 10. Ba3 exd4 11. b5 dxc3 12. bxc6 bxc6 13. Bxf8 c2 14. Qxc2
Bxa1 15. Bh6 Bf6 16. Qxc6 Nb6 17. Rc1 Bd7 18. Qc5 Qe7 19. Qxe7 Bxe7 20. Rxc7
Rc8 21. Rxc8+ Nxc8 22. Ne5 Be8 23. Bd5 Bd6 24. Ng4 Be7 25. e4 Nb6 26. Bb3 Bc6
27. Bxf7+ 1-0

[Event "Gausdal Classic op"]
[Site "Gausdal NOR"]
[Date "2007.04.22"]
[Round "5"]
[White "Bromberger, Stefan"]
[Black "Porper, Edward"]
[Result "1-0"]
[WhiteElo "2495"]
[BlackElo "2492"]
[PlyCount "105"]
[EventDate "2007.04.18"]
[EventType "swiss"]
[EventRounds "9"]
[EventCountry "NOR"]

1. d4 d5 2. c4 c6 3. Nf3 Nf6 4. Nc3 e6 5. Bg5 h6 6. Bh4 dxc4 7. e4 g5 8. Bg3 b5
9. Be2 Bb7 10. O-O Nbd7 11. Ne5 Bg7 12. Nxd7 Nxd7 13. Bd6 a6 14. a4 e5 15. d5
c5 16. b4 cxb3 17. axb5 b2 18. Ra2 Qb6 19. bxa6 Qxd6 20. axb7 Rxa2 21. Nxa2 Qb6
22. Qc2 Qxb7 23. Rb1 O-O 24. Rxb2 Qa7 25. Nc1 Nf6 26. Ra2 Qb6 27. Bc4 Rb8 28.
f3 Ne8 29. Nd3 Nd6 30. h3 Qb1+ 31. Kh2 Bf8 32. Qxb1 Rxb1 33. Rc2 Nb7 34. Ba6
Rb3 35. Nc1 Rb6 36. Bxb7 Rxb7 37. Nd3 f6 38. h4 gxh4 39. Kh3 Kf7 40. Kxh4 Kg6
41. Rc3 Rb5 42. g4 Be7 43. Kg3 Bd6 44. Rc2 Bf8 45. Rb2 Rxb2 46. Nxb2 Kg5 47.
Nc4 h5 48. gxh5 Kxh5 49. d6 Kg6 50. d7 Be7 51. Na5 c4 52. Nc6 Kf7 53. Kf2 1-0

[Event "Gausdal Classic op"]
[Site "Gausdal NOR"]
[Date "2007.04.23"]
[Round "6"]
[White "Porper, Edward"]
[Black "Stokke, Kjetil"]
[Result "1/2-1/2"]
[WhiteElo "2492"]
[BlackElo "2339"]
[PlyCount "74"]
[EventDate "2007.04.18"]
[EventType "swiss"]
[EventRounds "9"]
[EventCountry "NOR"]

1. d4 d5 2. c4 c6 3. Nf3 Nf6 4. Nc3 e6 5. Bg5 dxc4 6. e4 b5 7. e5 h6 8. Bh4 g5
9. exf6 gxh4 10. Ne5 Qxf6 11. g3 Nd7 12. Qe2 Nxe5 13. dxe5 Qd8 14. Bg2 Qb6 15.
Qe4 Bb7 16. Qxh4 Be7 17. Qh5 Bb4 18. O-O Bxc3 19. bxc3 c5 20. Rfd1 Bxg2 21.
Kxg2 Rd8 22. Rxd8+ Qxd8 23. Rd1 Qg5 24. Qe2 O-O 25. h4 Qf5 26. Rd7 a6 27. a3
Rb8 28. Qe3 b4 29. axb4 cxb4 30. cxb4 Rc8 31. Qc3 Qe4+ 32. Kh2 Qf5 33. Rd2 Kg7
34. Rc2 Rc7 35. Kg2 Qe4+ 36. Kh2 Qf5 37. Kg2 Qe4+ 1/2-1/2

[Event "Gausdal Classic op"]
[Site "Gausdal NOR"]
[Date "2007.04.24"]
[Round "7"]
[White "Royset, Paal"]
[Black "Porper, Edward"]
[Result "1/2-1/2"]
[WhiteElo "2238"]
[BlackElo "2492"]
[PlyCount "110"]
[EventDate "2007.04.18"]
[EventType "swiss"]
[EventRounds "9"]
[EventCountry "NOR"]

1. e4 e6 2. d4 d5 3. Nc3 Bb4 4. e5 c5 5. a3 Bxc3+ 6. bxc3 Nc6 7. Nf3 Bd7 8. a4
Qa5 9. Bd2 c4 10. g3 f6 11. Qe2 O-O-O 12. Bg2 Nge7 13. h4 h5 14. O-O Rde8 15.
Rfe1 Kb8 16. Qd1 Ka8 17. Qb1 Rc8 18. exf6 gxf6 19. Bh3 Nd8 20. Re3 Rh7 21. Qe1
Rc6 22. Qe2 Qc7 23. Ne1 Ng6 24. Bg2 Qd6 25. Bf3 Be8 26. Ng2 Bf7 27. Bxh5 Nxh4
28. Bxf7 Nxg2 29. Bg6 Rg7 30. Kxg2 Rxg6 31. Qh5 Rg8 32. Rf3 Qe7 33. Qh4 Rg6 34.
Bf4 Qe8 35. Re1 Qg8 36. Bc1 Qg7 37. Re5 Rc7 38. Rh5 Nf7 39. Re3 f5 40. Rxf5 b5
41. Rh5 bxa4 42. Rf3 Kb7 43. Rh7 Qg8 44. Bf4 Rd7 45. Bd6 Rg7 46. Rxg7 Qxg7 47.
Bc5 Nd6 48. Rf4 Nf5 49. Qh1 Rd8 50. Qe1 Qd7 51. Qe5 Rg8 52. Kf3 Rg6 53. g4 Qh7
54. Ke2 Ne7 55. Kd2 Nc6 1/2-1/2

[Event "Gausdal Classic op"]
[Site "Gausdal NOR"]
[Date "2007.04.25"]
[Round "8"]
[White "Porper, Edward"]
[Black "Tallaksen, Geir"]
[Result "0-1"]
[WhiteElo "2492"]
[BlackElo "2415"]
[PlyCount "166"]
[EventDate "2007.04.18"]
[EventType "swiss"]
[EventRounds "9"]
[EventCountry "NOR"]

1. d4 Nf6 2. c4 e6 3. Nf3 b6 4. Nc3 Bb4 5. Bg5 h6 6. Bh4 g5 7. Bg3 Ne4 8. Qc2
Bb7 9. e3 d6 10. Bd3 Bxc3+ 11. bxc3 f5 12. d5 Nd7 13. Bxe4 fxe4 14. Qxe4 Qf6
15. Qxe6+ Qxe6 16. dxe6 Nc5 17. Nd4 Bxg2 18. Rg1 Bh3 19. f3 Nxe6 20. Bf2 Nc5
21. O-O-O O-O-O 22. e4 Rhf8 23. Be3 Rf6 24. Rg3 Bd7 25. h3 Rdf8 26. Rd2 Nb7 27.
Rf2 Na5 28. Nc2 Nxc4 29. Bd4 R6f7 30. Ne3 Nxe3 31. Bxe3 Bc6 32. h4 gxh4 33. Rh3
Bxe4 34. Rxh4 Rxf3 35. Rxf3 Bxf3 36. Rxh6 Bd5 37. a3 Kb7 38. Rh7 Rf1+ 39. Kb2
Re1 40. Bg5 Re2+ 41. Kc1 Re8 42. Rg7 b5 43. Kd2 Kb6 44. Be3+ Kc6 45. Bg5 Rf8
46. Be3 a5 47. Bg5 Rf2+ 48. Ke3 Rf3+ 49. Kd2 Bf7 50. Be3 Kd5 51. Ke2 Rf6 52.
Bg5 Rf5 53. Bd8 Kc6 54. Bh4 Kd7 55. Ke3 c5 56. Rh7 Kc6 57. Rh6 Bc4 58. Kd2 Rf3
59. Be7 Rd3+ 60. Kc2 b4 61. axb4 axb4 62. cxb4 cxb4 63. Rh2 Re3 64. Bf6 Kc5 65.
Rd2 Re6 66. Bg7 d5 67. Bd4+ Kb5 68. Kb2 Re4 69. Bg7 Re3 70. Bd4 Rh3 71. Kc2 b3+
72. Kb2 Kb4 73. Be5 Bd3 74. Bf6 Kc4 75. Be5 Rh1 76. Ka3 Re1 77. Bg7 Re7 78. Bf6
Ra7+ 79. Kb2 d4 80. Bg5 Ra2+ 81. Kc1 Ra1+ 82. Kb2 Rb1+ 83. Ka3 Kc3 0-1

[Event "EUR-ch"]
[Site "Dresden GER"]
[Date "2007.04.03"]
[Round "1"]
[White "Schnoor, Ekkehard"]
[Black "Porper, Edward"]
[Result "0-1"]
[WhiteElo "1936"]
[BlackElo "2492"]
[PlyCount "64"]
[EventDate "2007.04.03"]
[EventType "swiss"]
[EventRounds "11"]
[EventCountry "GER"]
[Source "Mark Crowther"]
[SourceDate "2007.04.09"]

1. e4 c6 2. d4 d5 3. Nc3 dxe4 4. Nxe4 Bf5 5. Ng3 Bg6 6. h4 h6 7. Nf3 Nd7 8. h5
Bh7 9. Bd3 Bxd3 10. Qxd3 Ngf6 11. Bf4 e6 12. O-O-O Be7 13. Kb1 O-O 14. Ne4 Qa5
15. g4 Nxg4 16. Ne5 Ndxe5 17. dxe5 f5 18. Qg3 Rad8 19. Nc3 Bg5 20. Rde1 Qb4 21.
Bc1 Bxc1 22. Kxc1 Qe7 23. Rhg1 b5 24. Qg2 b4 25. Nd1 Rd5 26. f4 Rd4 27. Ref1
Qd7 28. Qg3 Rd8 29. b3 Rd2 30. Nb2 Qd4 31. Rg2 Rxg2 32. Qxg2 Ne3 0-1

[Event "EUR-ch"]
[Site "Dresden GER"]
[Date "2007.04.05"]
[Round "3"]
[White "Minasian, Artashes"]
[Black "Porper, Edward"]
[Result "1-0"]
[WhiteElo "2586"]
[BlackElo "2492"]
[PlyCount "80"]
[EventDate "2007.04.03"]
[EventType "swiss"]
[EventRounds "11"]
[EventCountry "GER"]
[Source "Mark Crowther"]
[SourceDate "2007.04.09"]

1. e4 e6 2. d4 d5 3. Nc3 Bb4 4. e5 c5 5. a3 Bxc3+ 6. bxc3 Nc6 7. Qg4 g6 8. Nf3
f5 9. Qg3 Nge7 10. a4 Qa5 11. Bd2 c4 12. Be2 Bd7 13. O-O O-O-O 14. Rfb1 h6 15.
Rb5 Qa6 16. h4 Na5 17. Rbb1 Rdg8 18. Bc1 Kb8 19. Ba3 Nc8 20. Qf4 Rh7 21. Qc1
Ka8 22. Bc5 Qc6 23. Rb5 b6 24. Ba3 Qc7 25. Rb2 Qd8 26. Bb4 Nc6 27. Ba3 Be8 28.
Nd2 Qxh4 29. a5 Nxa5 30. Bc5 Qd8 31. Qb1 Qc7 32. Rxa5 bxa5 33. Nxc4 a4 34. Na5
a3 35. Bxa3 Nb6 36. Bc5 Ba4 37. Bxb6 axb6 38. Rxb6 Qc8 39. Ba6 Qxc3 40. Bb7+
Rxb7 1-0

[Event "EUR-ch"]
[Site "Dresden GER"]
[Date "2007.04.08"]
[Round "6"]
[White "Porper, Edward"]
[Black "Petrosian, Tigran L"]
[Result "1/2-1/2"]
[WhiteElo "2492"]
[BlackElo "2580"]
[PlyCount "164"]
[EventDate "2007.04.03"]
[EventType "swiss"]
[EventRounds "11"]
[EventCountry "GER"]
[Source "Mark Crowther"]
[SourceDate "2007.04.09"]

1. d4 Nf6 2. c4 e6 3. Nc3 Bb4 4. a3 Bxc3+ 5. bxc3 c5 6. f3 O-O 7. e4 Ne8 8. Bd3
Nc6 9. Ne2 b6 10. O-O Ba6 11. f4 f5 12. exf5 exf5 13. dxc5 bxc5 14. Be3 d6 15.
Ng3 g6 16. Bf2 Na5 17. Re1 Qd7 18. Nf1 Nf6 19. Ne3 Rae8 20. Bh4 Ne4 21. Nd5 Kg7
22. Qe2 h6 23. g4 Kh7 24. Qf1 Qg7 25. Ra2 Re6 26. Rg2 Qf7 27. Re3 Kh8 28. gxf5
gxf5 29. Bxe4 Bxc4 30. Qd1 fxe4 31. Reg3 e3 32. Nxe3 Qxf4 33. Nxc4 Nxc4 34. Rg4
Qe3+ 35. Bf2 Nb2 36. Qb1 Qd3 37. Qxd3 Nxd3 38. Bg3 Ne1 39. Rb2 h5 40. Ra4 Rg6
41. Rf2 Nf3+ 42. Kg2 Rgf6 43. Re2 R8f7 44. Re8+ Kg7 45. Ra8 a5 46. R8xa5 h4 47.
Rg4+ Kh6 48. Bxh4 Nxh4+ 49. Rxh4+ Kg5 50. Raa4 Rf2+ 51. Kg1 Rf1+ 52. Kg2 R7f2+
53. Kg3 Rf3+ 54. Kg2 R1f2+ 55. Kg1 Rc2 56. Rh8 Rfxc3 57. h4+ Kf5 58. Rh5+ Ke6
59. Rh6+ Ke5 60. Rh5+ Ke6 61. Rh6+ Kd5 62. Rh5+ Kc6 63. Ra6+ Kb5 64. Rxd6 Rg3+
65. Kf1 Rxa3 66. Rd1 Rh3 67. Kg1 Rg3+ 68. Kf1 Rf3+ 69. Kg1 Rg3+ 70. Kf1 Rg4 71.
Rb1+ Kc4 72. Rb8 Re4 73. Rxc5+ Kxc5 74. Rc8+ Kd4 75. Rxc2 Rxh4 76. Kg2 Rg4+ 77.
Kf2 Rh4 78. Kg2 Rg4+ 79. Kf2 Kd3 80. Rc8 Rf4+ 81. Kg3 Rc4 82. Rxc4 Kxc4 1/2-1/2

[Event "EUR-ch"]
[Site "Dresden GER"]
[Date "2007.04.12"]
[Round "9"]
[White "Zesch, Ludwig"]
[Black "Porper, Edward"]
[Result "0-1"]
[WhiteElo "2287"]
[BlackElo "2492"]
[PlyCount "104"]
[EventDate "2007.04.03"]
[EventType "swiss"]
[EventRounds "11"]
[EventCountry "GER"]
[Source "Mark Crowther"]
[SourceDate "2007.04.16"]

1. e4 e6 2. d4 d5 3. Nd2 c5 4. exd5 Qxd5 5. Ngf3 cxd4 6. Bc4 Qd6 7. O-O Nf6 8.
Nb3 Nc6 9. Nbxd4 Nxd4 10. Qxd4 Qxd4 11. Nxd4 Bd7 12. Be2 Bc5 13. Nb3 Bb6 14.
Bf3 O-O-O 15. Bf4 Bc6 16. Bxc6 bxc6 17. Rad1 Ng4 18. Bg3 h5 19. h3 Nf6 20. Bh4
Rhg8 21. Bxf6 gxf6 22. Rxd8+ Rxd8 23. Re1 a5 24. Kf1 Rd5 25. a4 Kd7 26. Re2 f5
27. Nd2 Rc5 28. Nf3 Bc7 29. b3 Rd5 30. Nd2 Kd6 31. Nc4+ Kc5 32. c3 f4 33. Ke1
e5 34. Rd2 e4 35. Ke2 Bd8 36. f3 f5 37. Rxd5+ cxd5 38. Ne5 Bc7 39. Nd7+ Kc6 40.
Nf6 Be5 41. Nxh5 Kc5 42. b4+ axb4 43. cxb4+ Kxb4 44. g4 fxg3 45. f4 d4 46. Nxg3
d3+ 47. Kd1 Bxf4 48. Nxf5 Kxa4 49. h4 e3 50. h5 e2+ 51. Ke1 Be5 52. Kd2 Bc3+
0-1

[Event "EUR-ch"]
[Site "Dresden GER"]
[Date "2007.04.13"]
[Round "10"]
[White "Porper, Edward"]
[Black "Kotanjian, Tigran"]
[Result "0-1"]
[WhiteElo "2492"]
[BlackElo "2560"]
[PlyCount "90"]
[EventDate "2007.04.03"]
[EventType "swiss"]
[EventRounds "11"]
[EventCountry "GER"]
[Source "Mark Crowther"]
[SourceDate "2007.04.16"]

1. d4 d5 2. c4 c6 3. Nf3 Nf6 4. Nc3 e6 5. Bg5 h6 6. Bh4 dxc4 7. e4 g5 8. Bg3 b5
9. Be2 Bb7 10. O-O Nbd7 11. Ne5 Bg7 12. Qc2 Nxe5 13. Bxe5 O-O 14. Rad1 Nd7 15.
Bd6 Qb6 16. Bxf8 Nxf8 17. d5 cxd5 18. exd5 Bxc3 19. Qxc3 exd5 20. Bh5 Rd8 21.
Qf3 f6 22. Rfe1 d4 23. Qf5 Rd5 24. Qh3 Re5 25. Bg4 Kg7 26. Bf3 Bxf3 27. Qxf3
Ng6 28. Rxe5 Nxe5 29. Qd5 d3 30. a3 Qc6 31. Qxc6 Nxc6 32. Kf1 Nd4 33. Re1 Ne2
34. Rd1 f5 35. Ke1 Kf6 36. Kd2 Ke5 37. h4 g4 38. Re1 Kd4 39. Rf1 f4 40. Re1 a5
41. Ra1 h5 42. Ra2 Ke4 43. Ra1 f3 44. g3 Kd4 45. Ra2 Nxg3 0-1

[Event "EUR-ch"]
[Site "Dresden GER"]
[Date "2007.04.14"]
[Round "11"]
[White "Vuilleumier, Alexandre"]
[Black "Porper, Edward"]
[Result "0-1"]
[WhiteElo "2343"]
[BlackElo "2492"]
[PlyCount "134"]
[EventDate "2007.04.03"]
[EventType "swiss"]
[EventRounds "11"]
[EventCountry "GER"]
[Source "Mark Crowther"]
[SourceDate "2007.04.16"]

1. e4 c5 2. Nf3 Nc6 3. d4 cxd4 4. Nxd4 e6 5. Be2 Qc7 6. O-O Nf6 7. Nc3 a6 8.
Be3 Bb4 9. Na4 Be7 10. Nxc6 bxc6 11. Nb6 Rb8 12. Nxc8 Qxc8 13. Bd4 c5 14. Be5
Rb6 15. b3 d6 16. Bb2 O-O 17. Qd3 Nd7 18. Qg3 Bf6 19. Bxf6 Nxf6 20. e5 dxe5 21.
Qxe5 Nd5 22. Bc4 Qb8 23. Qxb8 Rfxb8 24. Rfd1 Nf6 25. Rd3 Kf8 26. Re1 Ke7 27. f4
g6 28. Kf2 a5 29. Kf3 Rd6 30. Rxd6 Kxd6 31. Rd1+ Ke7 32. Rd3 Ne8 33. Rc3 Nd6
34. Bd3 Rc8 35. Ke3 Kd7 36. Kd2 Kc6 37. Ke3 Kb6 38. Be4 c4 39. bxc4 Kc5 40. Rb3
a4 41. Rb1 Nxc4+ 42. Kd3 Nd6 43. Bf3 Rd8 44. Ke2 Nb5 45. Ke3 Rd7 46. Be4 Nc3
47. Rb8 Nxa2 48. Rc8+ Kb4 49. Rb8+ Ka3 50. Bc6 Ra7 51. Kd4 Nb4 52. Be4 f5 53.
c3 Na6 54. Rb7 Rxb7 55. Bxb7 Nc7 56. Bc6 Kb3 57. Bxa4+ Kxa4 58. Kc5 Nd5 59. g3
Nxc3 60. Kd6 Nd5 61. Kxe6 Ne3 62. h3 Nf1 63. g4 Ne3 64. gxf5 gxf5 65. Kf6 Kb5
66. Kg7 Kc5 67. Kxh7 Kd5 0-1

[Event "Guernsey Chess Festival"]
[Site "Grand Harve Bay GCI"]
[Date "2006.10.17"]
[Round "3"]
[White "Porper, Edward"]
[Black "Collier, David"]
[Result "1-0"]
[WhiteElo "2462"]
[BlackElo "2175"]
[PlyCount "59"]
[EventDate "2006.10.15"]
[EventType "swiss"]
[EventRounds "7"]
[EventCountry "GCI"]
[Source "Mark Crowther"]
[SourceDate "2006.11.13"]

1. d4 Nf6 2. c4 e6 3. Nc3 Bb4 4. a3 Bxc3+ 5. bxc3 c5 6. e3 O-O 7. Bd3 b6 8. Ne2
Nc6 9. e4 Ne8 10. O-O d6 11. f4 f5 12. d5 Na5 13. dxe6 Bxe6 14. exf5 Bxf5 15.
Bxf5 Rxf5 16. Ng3 Rf7 17. Ne4 Nc7 18. f5 d5 19. Bg5 Qd7 20. cxd5 Re8 21. Qg4
Nxd5 22. Rad1 Qc6 23. Rfe1 Kf8 24. f6 Re6 25. Qf5 Nxf6 26. Nxf6 Rxe1+ 27. Rxe1
gxf6 28. Bh6+ Kg8 29. Qg4+ Kh8 30. Qe6 1-0

[Event "Guernsey Chess Festival"]
[Site "Grand Harve Bay GCI"]
[Date "2006.10.18"]
[Round "4"]
[White "Porper, Edward"]
[Black "Hillarp Persson, Tiger"]
[Result "1/2-1/2"]
[WhiteElo "2462"]
[BlackElo "2557"]
[PlyCount "86"]
[EventDate "2006.10.15"]
[EventType "swiss"]
[EventRounds "7"]
[EventCountry "GCI"]
[Source "Mark Crowther"]
[SourceDate "2006.11.13"]

1. d4 d5 2. c4 c6 3. Nf3 Nf6 4. Nc3 e6 5. Bg5 dxc4 6. e4 b5 7. e5 h6 8. Bh4 g5
9. Nxg5 hxg5 10. Bxg5 Nbd7 11. exf6 Bb7 12. g3 c5 13. d5 Qc7 14. Qe2 O-O-O 15.
Bg2 b4 16. d6 Bxd6 17. Nb5 Qb6 18. Bxb7+ Kxb7 19. Qe4+ Kc8 20. Nxd6+ Qxd6 21.
Qa8+ Qb8 22. Qc6+ Qc7 23. Qa8+ Qb8 24. Qc6+ Qc7 25. Qa8+ Nb8 26. Be3 Rd5 27.
Bf4 Qb7 28. Qxb7+ Kxb7 29. Rc1 Nd7 30. Rxc4 Nxf6 31. Ke2 Nd7 32. h4 Kc6 33.
Rhc1 Kb5 34. b3 a5 35. a4+ Kc6 36. Be3 Kd6 37. f3 Rc8 38. g4 Ne5 39. R4c2 Nd3
40. Rd1 Ne5 41. Rdc1 Nd3 42. Rd1 Ne5 43. Rdc1 Nd3 1/2-1/2

[Event "Guernsey Chess Festival"]
[Site "Grand Harve Bay GCI"]
[Date "2006.10.19"]
[Round "5"]
[White "Pinheiro, J."]
[Black "Porper, Edward"]
[Result "0-1"]
[WhiteElo "2336"]
[BlackElo "2462"]
[PlyCount "74"]
[EventDate "2006.10.15"]
[EventType "swiss"]
[EventRounds "7"]
[EventCountry "GCI"]
[Source "Mark Crowther"]
[SourceDate "2006.10.23"]

1. d4 d5 2. Nf3 c6 3. c4 Nf6 4. Qb3 Qb6 5. c5 Qc7 6. g3 Bf5 7. Bf4 Qc8 8. Nbd2
h6 9. h3 Nbd7 10. g4 Bh7 11. Rc1 e6 12. e3 Be7 13. Bd3 Bxd3 14. Qxd3 Bd8 15. b4
a6 16. Rg1 g5 17. Be5 Bc7 18. e4 Bxe5 19. dxe5 Ng8 20. exd5 cxd5 21. Qe3 Qc7
22. h4 Ne7 23. hxg5 hxg5 24. Nxg5 Qxe5 25. Ndf3 Qxe3+ 26. fxe3 Nc6 27. a3 Ke7
28. Rg3 Nce5 29. Ke2 a5 30. Nxe5 Rh2+ 31. Kf1 Nxe5 32. bxa5 Rxa5 33. Kg1 Rb2
34. Rf1 Rxa3 35. Rh3 Raa2 36. Rh7 Rg2+ 37. Kh1 Rgf2 0-1

[Event "Guernsey Chess Festival"]
[Site "Grand Harve Bay GCI"]
[Date "2006.10.20"]
[Round "6"]
[White "Gofshtein, Zvulon"]
[Black "Porper, Edward"]
[Result "1/2-1/2"]
[WhiteElo "2509"]
[BlackElo "2462"]
[PlyCount "43"]
[EventDate "2006.10.15"]
[EventType "swiss"]
[EventRounds "7"]
[EventCountry "GCI"]
[Source "Mark Crowther"]
[SourceDate "2006.10.23"]

1. e4 e6 2. d3 d5 3. Qe2 dxe4 4. dxe4 Nc6 5. c3 a5 6. Nf3 Bc5 7. Be3 Qe7 8. e5
Bxe3 9. Qxe3 Nh6 10. Nbd2 a4 11. Nc4 Nf5 12. Qf4 Qc5 13. Ng5 Na5 14. Ne4 Qe7
15. Na3 Nc6 16. O-O-O O-O 17. h4 Ra5 18. g4 Nh6 19. Nc4 Rd5 20. Bd3 Rfd8 21.
Bc2 Rxd1+ 22. Bxd1 1/2-1/2

[Event "Guernsey Chess Festival"]
[Site "Grand Harve Bay GCI"]
[Date "2006.10.21"]
[Round "7"]
[White "Porper, Edward"]
[Black "Lock, Gavin"]
[Result "1-0"]
[WhiteElo "2462"]
[BlackElo "2226"]
[PlyCount "80"]
[EventDate "2006.10.15"]
[EventType "swiss"]
[EventRounds "7"]
[EventCountry "GCI"]
[Source "Mark Crowther"]
[SourceDate "2006.10.23"]

1. d4 d5 2. c4 c6 3. Nf3 Nf6 4. Nc3 e6 5. Bg5 dxc4 6. e4 b5 7. e5 h6 8. Bh4 g5
9. Nxg5 hxg5 10. Bxg5 Nbd7 11. exf6 Bb7 12. g3 c5 13. d5 Qb6 14. Bg2 O-O-O 15.
O-O b4 16. Na4 Qb5 17. a3 exd5 18. axb4 cxb4 19. Bf4 Nc5 20. Nxc5 Bxc5 21. h4
Bc6 22. Re1 d4 23. Qg4+ Rd7 24. Ra5 Qb6 25. Qf5 Bxg2 26. Rxc5+ Bc6 27. Re7 Rhd8
28. Rxf7 Kb7 29. Rxd7+ Bxd7 30. Qd5+ Bc6 31. Qf7+ Rd7 32. Qxc4 d3 33. Bd2 a5
34. f7 Rd8 35. Rf5 Rf8 36. Qxd3 Qc7 37. Bf4 Qe7 38. Rb5+ Bxb5 39. Qxb5+ Kc8 40.
Qc6+ Kd8 1-0

[Event "Muensterland op"]
[Site "Senden GER"]
[Date "2006.10.08"]
[Round "2"]
[White "Porper, Edward"]
[Black "Kuempers, Ulrich"]
[Result "1-0"]
[WhiteElo "2479"]
[BlackElo "2127"]
[PlyCount "85"]
[EventDate "2006.10.07"]
[EventType "swiss"]
[EventRounds "9"]
[EventCountry "GER"]
[Source "Mark Crowther"]
[SourceDate "2007.07.16"]

1. d4 Nf6 2. Nf3 g6 3. c4 Bg7 4. Nc3 d6 5. e4 O-O 6. Be2 e5 7. d5 a5 8. Bg5 h6
9. Bh4 Na6 10. Nd2 Bd7 11. a3 Qe8 12. b3 Nc5 13. O-O Ncxe4 14. Ndxe4 Nxe4 15.
Nxe4 f5 16. Nc3 g5 17. Bg3 f4 18. Bh5 Qc8 19. Ne4 Bf5 20. Qe2 Qd7 21. Rac1 b6
22. Rc3 Kh8 23. Rf3 Qe7 24. h3 Bxe4 25. Qxe4 fxg3 26. fxg3 Rxf3 27. Rxf3 Rf8
28. Kf2 Rxf3+ 29. gxf3 Qf6 30. Ke3 Bf8 31. Kd3 Kg7 32. Kc3 Kg8 33. b4 axb4+ 34.
Kxb4 Bg7 35. Bg4 Qd8 36. Qf5 Qa8 37. Qe6+ Kh8 38. Kb3 e4 39. fxe4 Qf8 40. Bf5
Qa8 41. Qg6 Kg8 42. Qh7+ Kf8 43. Be6 1-0

[Event "Muensterland op"]
[Site "Senden GER"]
[Date "2006.10.08"]
[Round "3"]
[White "Mueller, Mart"]
[Black "Porper, Edward"]
[Result "1/2-1/2"]
[WhiteElo "2095"]
[BlackElo "2479"]
[PlyCount "66"]
[EventDate "2006.10.07"]
[EventType "swiss"]
[EventRounds "9"]
[EventCountry "GER"]
[Source "Mark Crowther"]
[SourceDate "2007.07.16"]

1. e4 c6 2. d4 d5 3. exd5 cxd5 4. Bd3 Nc6 5. Nf3 Bg4 6. c3 e6 7. Bf4 Bd6 8. Bg3
Nf6 9. Nbd2 O-O 10. O-O Bxg3 11. hxg3 Rb8 12. Qe1 Bf5 13. Bxf5 exf5 14. Qe3 Ne4
15. Rfe1 Qd6 16. Qf4 Qxf4 17. gxf4 f6 18. Nf1 Ne7 19. N3d2 Kf7 20. f3 Nxd2 21.
Nxd2 h6 22. Rac1 Rbd8 23. Kf2 g5 24. Rh1 Rh8 25. fxg5 hxg5 26. g3 f4 27. gxf4
gxf4 28. Nb3 Nf5 29. Nc5 Ng3 30. Rxh8 Rxh8 31. Rg1 Rh2+ 32. Rg2 Rh1 33. Rg1
Rh2+ 1/2-1/2

[Event "Muensterland op"]
[Site "Senden GER"]
[Date "2006.10.09"]
[Round "4"]
[White "Porper, Edward"]
[Black "Kleinegger, Frank"]
[Result "1-0"]
[WhiteElo "2462"]
[BlackElo "2256"]
[PlyCount "101"]
[EventDate "2006.10.07"]
[EventType "swiss"]
[EventRounds "9"]
[EventCountry "GER"]

1. d4 e6 2. c4 Nf6 3. Nc3 d5 4. cxd5 exd5 5. Bg5 c6 6. e3 Be7 7. Bd3 O-O 8. Qc2
h6 9. Bh4 Re8 10. Nge2 Nbd7 11. O-O Ne4 12. Bxe7 Qxe7 13. Rae1 Ndf6 14. f3 Nxc3
15. Nxc3 c5 16. dxc5 Qxc5 17. Nb5 Qxc2 18. Bxc2 Re7 19. Kf2 Bd7 20. Nd4 Rc8 21.
Rc1 Be6 22. Bf5 Rxc1 23. Rxc1 Bxf5 24. Nxf5 Rd7 25. Rc8+ Kh7 26. Ke2 g6 27. Nd4
Kg7 28. Kd3 Ng8 29. g4 Ne7 30. Rc2 a6 31. h4 Kf6 32. f4 Kg7 33. b4 Ng8 34. Nf3
f6 35. Nd4 Ne7 36. a4 Kf7 37. b5 axb5 38. axb5 Ke8 39. Rc3 Kf7 40. Kc2 b6 41.
Kd3 Ke8 42. Ra3 Rc7 43. Ra8+ Nc8 44. f5 g5 45. hxg5 hxg5 46. Nc6 Kd7 47. Rb8
Kd6 48. Kd4 Rxc6 49. bxc6 Ne7 50. Rd8+ Kxc6 51. Rf8 1-0

[Event "Muensterland op"]
[Site "Senden GER"]
[Date "2006.10.11"]
[Round "6"]
[White "Porper, Edward"]
[Black "Haub, Thorsten Michael"]
[Result "1/2-1/2"]
[WhiteElo "2462"]
[BlackElo "2474"]
[PlyCount "61"]
[EventDate "2006.10.07"]
[EventType "swiss"]
[EventRounds "9"]
[EventCountry "GER"]

1. e4 e6 2. d3 d5 3. Nd2 Nf6 4. Ngf3 c5 5. g3 Nc6 6. Bg2 Be7 7. O-O b6 8. Re1
Bb7 9. e5 Nd7 10. h4 Qc7 11. Qe2 h6 12. h5 O-O-O 13. c4 Nb4 14. cxd5 exd5 15.
Nf1 Nf8 16. a3 Nc6 17. Ne3 Ne6 18. Nf5 Kb8 19. Bd2 Bf8 20. Bh3 Ka8 21. b4 g6
22. b5 gxf5 23. bxc6 Qxc6 24. Bxf5 Be7 25. d4 Qa4 26. Be3 cxd4 27. Bc2 Qc4 28.
Bd3 Qa4 29. Bc2 Qc4 30. Bd3 Qa4 31. Bc2 1/2-1/2

[Event "Muensterland op"]
[Site "Senden GER"]
[Date "2006.10.12"]
[Round "7"]
[White "Borovikov, Vladislav"]
[Black "Porper, Edward"]
[Result "1-0"]
[WhiteElo "2578"]
[BlackElo "2462"]
[PlyCount "43"]
[EventDate "2006.10.07"]
[EventType "swiss"]
[EventRounds "9"]
[EventCountry "GER"]

1. d4 e6 2. c4 d5 3. Nc3 c6 4. e4 dxe4 5. Nxe4 Bb4+ 6. Bd2 Qxd4 7. Bxb4 Qxe4+
8. Be2 Na6 9. Bd6 e5 10. Nf3 Bg4 11. O-O O-O-O 12. b4 Nf6 13. c5 Nd5 14. Re1
Nc3 15. Bxa6 Bxf3 16. Qb3 Qg4 17. Bf1 Ne2+ 18. Kh1 e4 19. Qe3 Rhe8 20. Rxe2
Bxe2 21. Bxe2 Qe6 22. b5 1-0

[Event "Muensterland op"]
[Site "Senden GER"]
[Date "2006.10.13"]
[Round "8"]
[White "Porper, Edward"]
[Black "Zelbel, Patrick"]
[Result "1-0"]
[WhiteElo "2462"]
[BlackElo "2079"]
[PlyCount "79"]
[EventDate "2006.10.07"]
[EventType "swiss"]
[EventRounds "9"]
[EventCountry "GER"]

1. d4 Nf6 2. Nf3 g6 3. c4 Bg7 4. Nc3 d6 5. e4 O-O 6. Be2 e5 7. d5 a5 8. Bg5 h6
9. Bh4 Na6 10. Nd2 Qe8 11. a3 Bd7 12. b3 Nh7 13. O-O h5 14. f3 Bh6 15. Rb1 Be3+
16. Bf2 Bxf2+ 17. Rxf2 Qe7 18. b4 axb4 19. axb4 h4 20. c5 dxc5 21. b5 Nb4 22.
Nc4 h3 23. g3 Kh8 24. Qd2 Rad8 25. Bf1 f5 26. exf5 Bxf5 27. Re1 e4 28. fxe4 Bg4
29. Rf4 Ng5 30. Be2 Bxe2 31. Qxe2 Qg7 32. e5 Nxd5 33. Nxd5 Rxd5 34. Qg4 Rd4 35.
Rxf8+ Qxf8 36. Qxg5 Rxc4 37. Rf1 Qe8 38. e6 Re4 39. Rf7 Re1+ 40. Kf2 1-0